000 00523nam a22001817a 4500
003 CEME
005 20210628202850.0
008 210118b xxu||||| |||| 00| 0 eng d
020 _a81-312-0047-7
040 _c.
082 _a621.3821 DOB
100 _aDobkin, Daniel M
_962039
245 _aRf engineering for wireless networks., hardware, antennas and propagation.
260 _aNEW DELHI
_bNEWNESS
_c2005
300 _aVII,435 P
650 _aWIRELESS COMMUNICATION SYSTEMS.WIRELESS LAN.
_962040
942 _cBK
_2ddc
999 _c571277
_d571277